Bright feather : A novel

Bewaard in:
Bibliografische gegevens
Hoofdauteur: Wilder, Robert
Formaat: Boek
Taal:Undetermined
Gepubliceerd in: New York Bantam books 1948
Onderwerpen:
Tags: Voeg label toe
Geen labels, Wees de eerste die dit record labelt!
Thư viện lưu trữ: Trung tâm Học liệu Trường Đại học Cần Thơ
LEADER 00548nam a2200205Ia 4500
001 CTU_227861
008 210402s9999 xx 000 0 und d
082 |a 813.54 
082 |b W673 
100 |a Wilder, Robert 
245 0 |a Bright feather : 
245 2 |b A novel 
245 0 |c Robert Wilder 
260 |a New York 
260 |b Bantam books 
260 |c 1948 
650 |a Tiểu thuyết Mỹ,American fiction 
650 |y Thế kỷ 20,20th century 
910 |b dqhieu 
980 |a Trung tâm Học liệu Trường Đại học Cần Thơ